000 00696nam a2200193Ia 4500
001 2546
003 GE_BSU
008 181216s||||||||xx |||||||||||||| ||und||
040 _cGE_BSU
080 _a801(479.22)
245 _aქართული კულტურის საკითხები.წიგნი მე–8.ენათმეცნიერების ინ–ტი, სქა.სსრ.მეცნ. აკად.
260 _aთბილისი
260 _bმეცნიერება
260 _c1988
300 _a374 გვ.
541 _h12 ლ.
653 _aქართული კულტურის საკითხები
942 _cBK
999 _c36626
_d36626